111 historias claves de la independencia : (Registro nro. 5137)

Detalles MARC
000 -CABECERA
Longitud fija campo de control 00818nam a2200217 a 4500
003 - • IDENTIFICADOR DELl NÚMERO DE CONTROL
Identificador del número de control CO-ViMGA
008 - • CÓDIGOS DE INFORMACIÓN DE LONGITUD FIJA
Códigos de información de longitud fija 141112s2004 ck r 000 u spa d
020 ## - • NÚMERO INTERNACIONAL NORMALIZADO PARA LIBROS
Número Internacional Normalizado para Libros (ISBN) 9789584224590
040 ## - FUENTE DE LA CATALOGACIÓN
Centro catalogador de origen CO-ViMGA
Lengua de catalogación spa
Centro transcriptor CO-ViMGA
041 ## - • CÓDIGO DE LENGUA
Código de lengua del texto/banda sonora o título independiente SPA
082 04 - • NÚMERO DE LA CLASIFICACIÓN DECIMAL DEWEY
Número de clasificación (R) 980 E76c
100 1# - • PUNTO DE ACCESO PRINCIPAL-NOMBRE DE PERSONA
Nombre de persona España Arenas, Gonzalo, 1945 -
245 10 - • TITULO PROPIAMENTE DICHO
Título 111 historias claves de la independencia :
Resto del título que todo el mundo debería saber /
Mención de responsabilidad, etc. Gonzalo España
250 ## - • MENCIÓN DE EDICIÓN
Mención de edición 1a ed.
300 ## - • DESCRIPCIÓN FÍSICA
Extensión 293 p.
500 ## - • NOTA GENERAL
Nota general Incluye bibliografía al final del texto.
651 ## - • PUNTO DE ACCESO ADICIONAL DE MATERIA - NOMBRE GEOGRÁFICO
Nombre geográfico COLOMBIA - HISTORIA - ANECDOTAS, CHISTES, SATIRAS, ETC. / COLOMBIA - HISTORIA - GUERRA DE INDEPENDENCIA, 1810 - 1819 / América LATINA - HISTORIA - GUERRAS DE INDEPENDENCIA, 1806 - 1830
942 ## - ENTRADA DE ELEMENTOS AGREGADOS (KOHA)
Fuente de clasificaión o esquema Dewey Decimal Classification
Koha [por defecto] tipo de item LIbro
Existencias
Perdido Fuente de clasificación o esquema Estado Físico No para préstamo Forma de adquisición Localización permanente Localización actual Localización en estanterías Fecha adquisición Préstamos totales Signatura completa Código de barras Fecha última consulta Número de copia Fecha del precio de reemplazo Tipo de item de Koha Serie de enumeración / cronolog&íacute;a Número de registro Note pública
  Dewey Decimal Classification     Colección General Biblioteca Pública Cubarral Biblioteca Pública Cubarral General 08/11/2023   980.E76c CUB03063 08/11/2023 Ej.1 08/11/2023 LIbro      
  Dewey Decimal Classification     Colección General Biblioteca Pública Cumaral - Alvaro Garzon Torres Biblioteca Pública Cumaral - Alvaro Garzon Torres Literatura 07/23/2024   980E76c CUM1334 07/23/2024 Ej.1 07/23/2024 LIbro      
  Dewey Decimal Classification     Colección General Biblioteca Pública Dorado Biblioteca Pública Dorado General 02/08/2023   980 W17 dor01188 02/08/2023 Ej.1 02/08/2023 LIbro      
  Dewey Decimal Classification     Colección General Biblioteca Pública Fuentedeoro - Henry Llanos García Biblioteca Pública Fuentedeoro - Henry Llanos García General 05/23/2023   980 E76c Fo0000748 05/23/2023 Ej.1 05/23/2023 LIbro      
  Dewey Decimal Classification     Colección General Biblioteca Pública José Eustasio Rivera - San Martin Biblioteca Pública José Eustasio Rivera - San Martin General 03/16/2024   980 E76c SM03376 03/16/2024 Ej.1 03/16/2024 LIbro      
  Dewey Decimal Classification     Colección General Biblioteca Pública Puerto Lleras Biblioteca Pública Puerto Lleras General 01/24/2025   980 E76c PLL01843 01/24/2025 Ej.1 01/24/2025 LIbro      
  Dewey Decimal Classification     Colección General Biblioteca Pública Puerto López - Jorge Eliecer Gaitán Biblioteca Pública Puerto López - Jorge Eliecer Gaitán General 09/05/2025   980 E76c PLZ03116 09/05/2025 Ej.1 09/05/2025 LIbro      
  Dewey Decimal Classification     Colección General Biblioteca Pública Puerto López - Jorge Eliecer Gaitán Biblioteca Pública Puerto López - Jorge Eliecer Gaitán General 09/05/2025   980 E76c PLZ03117 09/05/2025 Ej.2 09/05/2025 LIbro      
  Dewey Decimal Classification     Colección General Biblioteca Pública San Carlos de Guaroa - Eduardo Carranza Biblioteca Pública San Carlos de Guaroa - Eduardo Carranza General 07/14/2025   980 E76c SG03763 07/14/2025 Ej.1 07/14/2025 LIbro      
  Dewey Decimal Classification     Sala General Biblioteca Comunitaria - Villavicencio Biblioteca Comunitaria - Villavicencio   12/04/2015   980 E76c 26847 12/04/2015 Ej. 2 12/04/2015 LIbro 28/ago/2014    
  Dewey Decimal Classification     Colección General Biblioteca Pública El Castillo - Alfonso Meneses Biblioteca Pública El Castillo - Alfonso Meneses General 08/16/2023   980 E76c EC01356 08/16/2023 Ej.1 08/16/2023 LIbro      
        Sala General Biblioteca Pública Departamental Eduardo Carranza - Villavicencio Biblioteca Pública Departamental Eduardo Carranza - Villavicencio General 09/17/2014   980 E76c ECA23056 11/26/2024 Ej.1 11/26/2024 LIbro     17105 | 22000
  Dewey Decimal Classification     Sala General Segundo Piso Biblioteca Pública Germán Arciniegas - Villavicencio Biblioteca Pública Germán Arciniegas - Villavicencio   12/04/2015   980 E76c 010523 12/04/2015 Ej. 1 12/04/2015 LIbro 10/jul/2014    
  Dewey Decimal Classification     Colección General Biblioteca Pública Guamal Biblioteca Pública Guamal General 04/20/2023   980 E76c GUA003309 04/20/2023 Ej.1 04/20/2023 LIbro      
  Dewey Decimal Classification     Colección General Biblioteca Pública La Macarena Biblioteca Pública La Macarena General 09/07/2023   980 E76c LM00363 09/07/2023 Ej.1 09/07/2023 LIbro      
  Dewey Decimal Classification     Colección General Biblioteca Pública Mapiripan Biblioteca Pública Mapiripan General 01/11/2024   980 E76c MAP00001691 01/11/2024 Ej.1 01/11/2024 LIbro      
  Dewey Decimal Classification     Colección General Biblioteca Pública Puerto Rico Biblioteca Pública Puerto Rico General 04/11/2023   980.E76c PR00000931 04/11/2023 Ej.1 04/11/2023 LIbro      
  Dewey Decimal Classification     Colección General Biblioteca Pública San Juan de Arama - Concepción de Arama Biblioteca Pública San Juan de Arama - Concepción de Arama General 05/29/2023   980 E76c SJA00070 05/29/2023 Ej.1 05/29/2023 LIbro      
  Dewey Decimal Classification     Colección General Biblioteca Pública San Juan de Arama - Concepción de Arama Biblioteca Pública San Juan de Arama - Concepción de Arama General 05/29/2023   980 E76c SJA00071 05/29/2023 Ej.2 05/29/2023 LIbro      
  Dewey Decimal Classification     Colección General Biblioteca Pública Uribe - Reinerio Arenas Biblioteca Pública Uribe - Reinerio Arenas General 09/24/2024   980 E76c URI01332 09/24/2024 Ej.1 09/24/2024 LIbro      
  Dewey Decimal Classification       Biblioteca Pública Vistahermosa Biblioteca Pública Vistahermosa   06/13/2024   980 VIST 0001319 06/13/2024 Ej.1 06/13/2024 LIbro   980 E76c  









Instituto Departamental de Cultura del Meta - Red Departamental de Bibliotecas Públicas del Meta.